LEADER 04272oam 2200745I 450 001 9910647296203321 005 20250513194523.0 010 $a9781478006091 010 $a9781478093398 010 $a1478093390 010 $a9781478007517 010 $a1478007516 024 7 $a10.1515/9781478007517 035 $a(CKB)4100000010011617 035 $a(MiAaPQ)EBC5992925 035 $a(OCoLC)1129406317 035 $a(MdBmJHUP)muse82379 035 $a1139749431 035 $a(DE-B1597)553830 035 $a(DE-B1597)9781478007517 035 $a(ScCtBLL)08ee7545-8bdf-4041-a067-8b9c24488223 035 $a(DE-B1597)663310 035 $a(DE-B1597)9781478093398 035 $a(ODN)ODN0011133876 035 $a(Perlego)1467484 035 $a(oapen)doab97584 035 $a(EXLCZ)994100000010011617 100 $a20200207d2020 uy 0 101 0 $aeng 135 $aurcnu|||||||| 181 $ctxt$2rdacontent 182 $cc$2rdamedia 183 $acr$2rdacarrier 200 00$aFutureproof $esecurity aesthetics and the management of life /$fedited by D. Asher Ghertner, Hudson McFann, and Daniel M. Goldstein 210 $cDuke University Press$d2020 210 1$aDurham :$cDuke University Press,$d2020. 215 $a1 online resource (313 pages) 225 1 $aGlobal Insecurities 311 08$a1-4780-0609-9 311 08$a1-4780-0690-0 320 $aIncludes bibliographical references and index. 327 $aSecurity Aesthetics of and Beyond the Biopolitical / D. Asher Ghertner, Hudson McFann, and Daniel M. Goldstein -- The Aesthetics of Cyber Insecurity: Displaying the Digital in Three American Museum Exhibits / Victoria Bernal -- Danger Signs: The Aesthetics of Insecurity in Bogota / Austin Zeiderman -- We All Have the Same Red Blood?: Security Aesthetics and Rescue Ethics on the Arizona's Sonora Border / Ieva Jusionyte -- Fugitive Horizons and the Arts of Security in Honduras / Jon Carter -- Security Aesthetics and Political Community Formation in Kingston, Jamaica / Rivke Jaffe -- Staging Safety in Brooklyn's Real Estate / Zaire Dinzey-Flores and Alexandra Demshock -- Expecting the Worst: Active-Shooter Scenario Play in American Schools / Rachel Hall -- H5N1 and the Aesthetics of Biosecurity: From Danger to Risk / Limor Samimian-Darash -- Securing Stand-by and Urban Space Making in Jakarta: Intensities in Search of Forms / -- AbdouMaliq Simone -- Securing the Street: Urban Renewal and the Fight Against 'Informality' in Mexico City / -- Alejandra Leal Martinez -- The Age of Security / Didier Fassin 330 $a"From terrorism and public health to museums, schools, and homes, FUTUREPROOF asks us to expand our purview of security, turning our attention to how security is lived, felt, and perceived through the violences of everyday life. Editors Asher Ghertner, Daniel Goldstein, and Hudson Fann propose the modality of "security aesthetics" as a way to understand how sensory and affective experiences help regulate bodies, spaces, and states in the service of "futureproofing" society against anticipated risks and perils. Taken broadly as the domain of sense perception, aesthetics provides a framework for considering the body's interactions with the material world and the processes by which these interactions translate into subjective judgments of taste. The contributions to this volume show us how security aesthetics work to fashion differently imagined futures, illuminating the interplay of sense perception and articulated reason in the operations of security apparatuses"--$cProvided by publisher. 410 0$aGlobal insecurities. 606 $aHuman security 606 $aEmergency management 606 $aRisk management 606 $aBiosecurity 606 $aComputer security 615 0$aHuman security. 615 0$aEmergency management. 615 0$aRisk management. 615 0$aBiosecurity. 615 0$aComputer security. 676 $a320.01 686 $aMS 1190$2rvk 702 $aGhertner$b D. Asher 702 $aMcFann$b Hudson$f1987- 702 $aGoldstein$b Daniel M.$f1965- 801 0$bNDD 801 1$bNDD 906 $aBOOK 912 $a9910647296203321 996 $aFutureproof$93009522 997 $aUNINA LEADER 05700nam 22007815 450 001 9910341852403321 005 20251010085356.0 010 $a9783030152130 010 $a3030152138 024 7 $a10.1007/978-3-030-15213-0 035 $a(OCoLC)1121264930 035 $a(MiFhGG)GVRL734C 035 $a(CKB)4100000009273533 035 $a(MiAaPQ)EBC5897463 035 $a(MiFhGG)9783030152130 035 $a(DE-He213)978-3-030-15213-0 035 $a(Perlego)3494440 035 $a(EXLCZ)994100000009273533 100 $a20190916d2019 u| 0 101 0 $aeng 135 $aurun|---uuuua 181 $ctxt$2rdacontent 182 $cc$2rdamedia 183 $acr$2rdacarrier 200 10$a#MeToo and the Politics of Social Change /$fedited by Bianca Fileborn, Rachel Loney-Howes 205 $a1st ed. 2019. 210 1$aCham :$cSpringer International Publishing :$cImprint: Palgrave Macmillan,$d2019. 215 $a1 online resource (xxiv, 350 pages) 225 0 $aGale eBooks 311 08$aPrint version: Fileborn, Bianca #MeToo and the Politics of Social Change Cham : Palgrave Macmillan US,c2019 9783030152123 320 $aIncludes bibliographical references and index. 327 $a1. Introduction: Mapping The Emergence Of #Metoo, Bianca Fileborn & Rachel Loney-Howes -- Part 1. The Politics of Speaking out and Consciousness-Raising -- 2. The Politics Of The Personal: The Evolution Of Anti-Rape Activism From Second-Wave Feminism To #Metoo, Rachel Loney-Howes -- 3. Digital Feminist Activism: #Metoo And The Everyday Experiences Of Challenging Rape Culture, Kaitlynn Mendes & Jessica Ringrose -- 4. Online Feminist Activism As Performative Consciousness-Raising: A #Metoo Case Study, Jessamy Gleeson & Breanan Turner -- 5. You Say #Metoo, I Say #Mitu: China?s Online Campaigns Against Sexual Abuse, Jing Zeng -- 6. A Thousand And One Stories: Myth And The #Metoo Movement, Mary Anne Franks.-Part 2. Whose Bodies Matter? #MeToo and the Politics of Inclusion -- 7. From ?Metoo? To ?Too Far?? Contesting The Boundaries Of Sexual Violence In Contemporary Activism, Bianca Fileborn & Nickie D. Phillips -- 8. This Black Body Is Not Yours For The Taking, Tess Ryan -- 9. Beyond TheBright Lights: Are Minoritized Women Outside The Spotlight Able To Say #Metoo?, Neha Kagal, Leah Cowan & Huda Jawad -- 10. ?It?s Not Just Men And Women?: LGBTQIA People And #Metoo, Jess Ison -- Part 3. Not All That Glitters Is Gold: #MeToo, the Entertainment Industry and Media Reporting -- 11. #Metoo And The Reasons To Be Cautious, Lauren Rosewarne -- 12. Substitution Activism: The Impact Of #Metoo In Argentina, Marķa Cecilia Garibotti & Cecilia Marcela Hopp -- 13. Shitty Media Men, Bridget Haire, Christy E. Newman & Bianca Fileborn -- 14. Journalist Guidelines And Media Reporting In The Wake Of #Metoo, Kathryn Royal -- 15. ?It?s A Reckoning That Is Long Overdue?: Reconfiguring The Work Of Popular Sex Advice After #Metoo, Christy E. Newman & Bridget Haire -- Part 4. Ethical Possibilities and the Future of Anti-sexual Violence Activism -- 16. Consent Lies Destroy Lives: Pleasure As The Sweetest Taboo, Cyndi Darnell -- 17. #Metoo As Sex Panic, Heidi Matthews -- 18. Men, Masculinities, And #Metoo: Mapping Men?s Responses To Anti-Rape Advocacy And Inspiring Their Support For Change, Michael Flood -- 19. Understanding Anger: Ethical Responsiveness And The Cultural Production Of Celebrity Masculinities, Rob Cover -- 20. Online Justice In The Circuit Of Capital: #Metoo, Marketization And The Deformation Of Sexual Ethics, Michael Salter -- 21. Conclusion: ?A New Day Is On The Horizon??, Rachel Loney-Howes & Bianca Fileborn. 330 $a#MeToo has sparked a global re-emergence of sexual violence activism and politics. This edited collection uses the #MeToo movement as a starting point for interrogating contemporary debates in anti-sexual violence activism and justice-seeking. It draws together 19 accessible chapters from academics, practitioners, and sexual violence activists across the globe to provide diverse, critical, and nuanced perspectives on the broader implications of the movement. It taps into wider conversations about the nature, history, and complexities of anti-rape and anti-sexual harassment politics, including the limitations of the movement including in the global South. It features both internationally recognised and emerging academics from across the fields of criminology, media and communications, film studies, gender and queer studies, and law and will appeal broadly to the academic community, activists, and beyond. 606 $aSociology 606 $aCritical criminology 606 $aEthnology 606 $aIdentity politics 606 $aMass media and crime 606 $aLaw 606 $aSociology 606 $aCritical Criminology 606 $aSociocultural Anthropology 606 $aPolitics and Gender 606 $aCrime and the Media 606 $aLaw 615 0$aSociology. 615 0$aCritical criminology. 615 0$aEthnology. 615 0$aIdentity politics. 615 0$aMass media and crime. 615 0$aLaw. 615 14$aSociology. 615 24$aCritical Criminology. 615 24$aSociocultural Anthropology. 615 24$aPolitics and Gender. 615 24$aCrime and the Media. 615 24$aLaw. 676 $a362.883 676 $a300 676 $a306.0973 702 $aFileborn$b Bianca$f1984- 702 $aLoney-Howes$b Rachel 801 0$bMiFhGG 801 1$bMiFhGG 906 $aBOOK 912 $a9910341852403321 996 $aMeToo and the politics of social change$92517580 997 $aUNINA